[Event "SRB-chT3 East"]
[Site "Serbia"]
[Date "2017.10.13"]
[Round "8.2"]
[White "Antic, Mile"]
[Black "Damjanovic, Nebojsa"]
[Result "1-0"]
[WhiteElo "1772"]
[BlackElo "1955"]
[PlyCount "69"]
[EventDate "2017.09.03"]
[EventType "team-tourn"]
[EventRounds "11"]
[EventCountry "SRB"]
[SourceTitle "EXT 2022"]
[Source "ChessBase"]
[SourceDate "2021.10.06"]
[SourceVersion "1"]
[SourceVersionDate "2021.10.06"]
[SourceQuality "1"]

1. e4 e6 2. c4 c5 3. Nf3 Nc6 4. Be2 g6 5. d4 cxd4 6. Nxd4 Bg7 7. Nb5 Nf6 8. Nd6+ Kf8 9. Nc3 a6 10. 0-0 Ne8 11. f4 Nxd6 12. Qxd6+ Qe7 13. c5 Bd4+ 14. Kh1 Bxc5 15. Qd3 Nb4 16. Qd1 Kg7 17. f5 f6 18. Na4 Ba7 19. b3 Nc6 20. Qd2 g5 21. Bb2 e5 22. Nc3 Qb4 23. Qd5 Nd4 24. Bh5 Rf8 25. a4 Nc2 26. Na2 Qc5 27. Qxc5 Bxc5 28. Rac1 Nb4 29. Rxc5 Nxa2 30. Ba3 a5 31. Bb2 b6 32. Rc7 Kh6 33. Be2 Nb4 34. Bb5 d5 35. Rf3 1-0

[Event "SRB-chT3 East CS"]
[Site "Kladovo"]
[Date "2016.10.14"]
[Round "8.44"]
[White "Damjanovic, Nebojsa"]
[Black "Miljkovic, Slobodan"]
[Result "0-1"]
[WhiteElo "2039"]
[BlackElo "1752"]
[PlyCount "62"]
[EventDate "2016.09.04"]
[EventType "team-tourn"]
[EventRounds "11"]
[EventCountry "SRB"]
[SourceTitle "EXT 2021"]
[Source "ChessBase"]
[SourceDate "2020.10.23"]
[SourceVersion "1"]
[SourceVersionDate "2020.10.23"]
[SourceQuality "1"]

1. e4 c5 2. Nf3 Nc6 3. d4 cxd4 4. Nxd4 e6 5. Nxc6 bxc6 6. Be3 d5 7. exd5 cxd5 8. Bb5+ Bd7 9. Bxd7+ Qxd7 10. 0-0 Nf6 11. Bd4 Be7 12. Nd2 0-0 13. Nf3 Rac8 14. c3 Ne4 15. Ne5 Qc7 16. f3 Nd6 17. Qe2 f6 18. Nd3 e5 19. Bf2 a5 20. f4 Ne4 21. Be3 Qc4 22. fxe5 fxe5 23. Rxf8+ Rxf8 24. Nc1 Qc6 25. Nb3 a4 26. Nd2 Nxd2 27. Qxd2 Qc4 28. g3 Bf6 29. Bf2 Rd8 30. Qe3 d4 31. Qe4 Qb5 0-1

[Event "SRB-chT3 East"]
[Site "Pozarevac"]
[Date "2014.10.04"]
[Round "4.23"]
[White "Dubravcic, Nikola"]
[Black "Damjanovic, Nebojsa"]
[Result "0-1"]
[WhiteElo "1692"]
[BlackElo "2095"]
[PlyCount "148"]
[EventDate "2014.10.02"]
[EventType "team-swiss"]
[EventRounds "6"]
[EventCountry "SRB"]
[SourceTitle "EXT 2022"]
[Source "ChessBase"]
[SourceDate "2021.10.06"]
[SourceVersion "1"]
[SourceVersionDate "2021.10.06"]
[SourceQuality "1"]

1. e4 e6 2. d4 d5 3. e5 c5 4. c3 Nc6 5. Nf3 Qb6 6. Be2 Nge7 7. b3 cxd4 8. cxd4 Nf5 9. Bb2 Bb4+ 10. Kf1 Bd7 11. a3 Be7 12. Nc3 Na5 13. b4 Nc4 14. Bxc4 dxc4 15. d5 exd5 16. Nxd5 Qd8 17. Rc1 0-0 18. Nd4 Rc8 19. Qf3 Nxd4 20. Bxd4 Bg5 21. Be3 Bxe3 22. Nxe3 Be6 23. Qe2 c3 24. f3 Qd4 25. Nc2 Qb6 26. Qe3 Qa6+ 27. Kf2 Rfd8 28. Rhd1 Rxd1 29. Rxd1 Bb3 30. Rd6 Qc4 31. Rd4 Qc7 32. Qd3 Qb6 33. Na1 Ba4 34. Kg3 Qg6+ 35. Qxg6 hxg6 36. Rd6 Kf8 37. Rd5 Ke7 38. Ra5 b5 39. Rxa7+ Ke6 40. Kf4 Rc4+ 41. Ke3 c2 42. Nxc2 Rxc2 43. g3 Rc3+ 44. Kf4 Rd3 45. Ke4 Bc2 46. Kf4 Rd7 47. Ra8 Rd4+ 48. Ke3 Rd7 49. Kf4 g5+ 50. Ke3 Kxe5 51. Rb8 Bd3 52. Re8+ Kf6 53. Rb8 Bc4 54. Ra8 Ke7 55. a4 bxa4 56. Rxa4 f5 57. Ra5 Ke6 58. Rc5 Bd5 59. Ra5 Rc7 60. f4 gxf4+ 61. Kxf4 Rc4+ 62. Kg5 Rxb4 63. Ra6+ Ke5 64. Ra7 Rg4+ 65. Kh5 Bf3 66. Ra5+ Kf6 67. Ra6+ Kf7 68. Ra3 Rxg3+ 69. Kh4 Rg4+ 70. Kh5 g6+ 71. Kh6 Bb7 72. Rb3 Bd5 73. Rg3 Kf6 74. Rxg4 fxg4 0-1

[Event "SRB-chT3 East"]
[Site "Pozarevac"]
[Date "2014.10.02"]
[Round "1.33"]
[White "Damjanovic, Nebojsa"]
[Black "Radusinovic, Lazar"]
[Result "0-1"]
[WhiteElo "2095"]
[BlackElo "2341"]
[PlyCount "64"]
[EventDate "2014.10.02"]
[EventType "team-swiss"]
[EventRounds "6"]
[EventCountry "SRB"]
[SourceTitle "EXT 2022"]
[Source "ChessBase"]
[SourceDate "2021.10.06"]
[SourceVersion "1"]
[SourceVersionDate "2021.10.06"]
[SourceQuality "1"]

1. e4 c5 2. Nf3 Nc6 3. d4 cxd4 4. Nxd4 e5 5. Nf3 Nf6 6. Bg5 h6 7. Bxf6 Qxf6 8. Nc3 Bb4 9. Qd3 0-0 10. Be2 Nd4 11. 0-0 Bxc3 12. bxc3 Ne6 13. g3 Nc5 14. Qe3 b6 15. Nd2 Bb7 16. Bf3 Qe6 17. Nb3 Rac8 18. Rfd1 Na4 19. c4 Rxc4 20. Rd2 Rfc8 21. Qe2 Nc3 22. Qd3 Bxe4 23. Bxe4 Nxe4 24. Re2 Nc3 25. Rd2 d5 26. Re1 a5 27. f4 Re4 28. Rxe4 dxe4 29. Qe3 exf4 30. gxf4 Nd5 31. Qg3 e3 32. Re2 Qe4 0-1